000 00845nam a2200241 i 4500
001 bg
245 0 0 _aĆwiczenia laboratoryjne z inżynierii materiałowej :
_bopracowanie zbiorowe /
_cpod red. Andrzeja Werońskiego ; [aut. Marian Abramek et al.] ; Politechnika Lubelska.
260 _aLublin :
_bWydawnictwa Uczelniane PL,
_c1997.
300 _a378 s., [3] k. tabl. :
_bfot., rys., wykr. ;
_c24 cm.
500 _aU góry okł. nazwa przedmiotu : Mechanika.
504 _aBibliogr. przy rozdz.
650 9 _aMetaloznawstwo
_xmetody
655 _aPodręczniki akademickie
700 1 _aWEROŃSKI, Andrzej.
_eRed.
700 1 _aABRAMEK, Marian.
020 _a838633309X
040 _cBPK
041 0 _apl
080 _a669.017/.018:620.1](075.8)
920 _a83-86333-09-X
942 _cKS
008 s pl f |000 0 pol
999 _c31593
_d31593
856 _uhttp://koha.tu.koszalin.pl/cgi-bin/koha/opac-detail.pl?biblionumber=31593
_yKatalog online BPK